[Event "Superettan(Farsta-Limhamn II)"]
[Site "?"]
[Date "2012.12.01"]
[Round "3"]
[White "von Bahr, Oskar"]
[Black "Nurmi, Tommy"]
[Result "1-0"]
[WhiteElo "2355"]
[BlackElo "2108"]
[PlyCount "133"]

1. c4 f5 2. g3 Nf6 3. Bg2 e6 4. Nf3 Be7 5. O-O O-O 6. Nc3 d5 7. d3 c6 8. e4 d4
9. Ne2 fxe4 10. dxe4 c5 11. Nf4 Nc6 12. e5 Ne8 13. h4 g6 14. Nd3 Ng7 15. Bg5
Qc7 16. Bxe7 Nxe7 17. Ng5 Rb8 18. Ne4 b6 19. Nf6+ Kh8 20. Qd2 Ng8 21. Ne4 Bb7
22. Ng5 Bxg2 23. Kxg2 Qc6+ 24. Kh2 h6 25. Nh3 Qe4 26. Rae1 Qf5 27. Qe2 Ne7 28.
Kg2 Qf7 29. g4 Ng8 30. Ndf4 Ne7 31. Qe4 b5 32. b3 bxc4 33. bxc4 Rb4 34. Rb1
Rfb8 35. a3 Rxb1 36. Rxb1 Rxb1 37. Qxb1 Qe8 38. Qb7 Qc6+ 39. Qxc6 Nxc6 40.
Nxg6+ Kg8 41. Nhf4 Kf7 42. h5 Na5 43. Nd3 Nxc4 44. a4 Nd2 45. Nxc5 Ne8 46. f4
Nc7 47. Kf2 Nc4 48. Kf3 Nb2 49. Ke4 d3 50. Nxd3 Nxa4 51. f5 Nb6 52. Nc5 a5 53.
Nb7 exf5+ 54. gxf5 a4 55. Nd6+ Kg8 56. f6 Nd7 57. f7+ Kg7 58. Ne8+ Kxf7 59.
Nxc7 Nc5+ 60. Kd4 a3 61. Kxc5 a2 62. e6+ Kf6 63. e7 a1=Q 64. e8=Q Qa5+ 65. Nb5
Qd2 66. Qe5+ Kf7 67. Qe7+ 1-0

[Event "Superettan(Farsta-Limhamn II)"]
[Site "?"]
[Date "2012.12.01"]
[Round "3"]
[White "Mansson, Peter"]
[Black "Jaderberg, Bjorn"]
[Result "1/2-1/2"]
[WhiteElo "2196"]
[BlackElo "2184"]
[PlyCount "112"]

1. e4 g6 2. d4 Bg7 3. Nc3 a6 4. Be3 d6 5. Be2 Nd7 6. Nf3 b5 7. a3 Bb7 8. O-O
Rc8 9. Qd2 c5 10. Rfe1 Qc7 11. Rad1 Ngf6 12. e5 dxe5 13. dxe5 Ng4 14. Bf4 Ngxe5
15. Nxb5 axb5 16. Bxb5 O-O 17. Bxd7 Bxf3 18. Bxe5 Bxe5 19. gxf3 Bxh2+ 20. Kg2
Bf4 21. Qe2 Rb8 22. b3 e6 23. Bb5 Rfd8 24. Bc4 Rb6 25. Qe4 e5 26. Rxd8+ Qxd8
27. Qd5 Qg5+ 28. Kf1 Rf6 29. Ke2 Bc1 30. a4 Bb2 31. Qxc5 Kg7 32. Qe3 Qg2 33. c3
e4 34. fxe4 h5 35. Bd5 Qh2 36. e5 Rf5 37. Rh1 Qxe5 38. Qxe5+ Rxe5+ 39. Kd3
Rxd5+ 40. Kc2 Bxc3 41. Kxc3 Rf5 42. Ra1 h4 43. a5 h3 44. b4 h2 45. a6 Rf3+ 46.
Kc4 Ra3 47. Rh1 Rxa6 48. Rxh2 Ra2 49. b5 Kf6 50. Kd5 Ke7 51. Kc6 g5 52. b6 g4
53. b7 Rc2+ 54. Kd5 Rb2 55. Kc6 Rc2+ 56. Kd5 Rb2 1/2-1/2

[Event "Superettan(Farsta-Limhamn II)"]
[Site "?"]
[Date "2012.12.01"]
[Round "3"]
[White "Lissang, Christopher"]
[Black "Nylen, Anders"]
[Result "1-0"]
[WhiteElo "2311"]
[BlackElo "2184"]
[PlyCount "69"]

1. d4 Nf6 2. c4 g6 3. Nc3 d5 4. cxd5 Nxd5 5. e4 Nxc3 6. bxc3 Bg7 7. Be3 c5 8.
Qd2 Qa5 9. Rc1 O-O 10. Nf3 Nc6 11. d5 Ne5 12. Nxe5 Bxe5 13. f4 Bg7 14. Bd3 Bd7
15. c4 Qc7 16. O-O f6 17. f5 b6 18. Bf4 Qb7 19. Qe2 Rac8 20. fxg6 hxg6 21. e5
f5 22. e6 Be8 23. Bg5 Bd4+ 24. Kh1 Kg7 25. g4 b5 26. Rb1 Rh8 27. gxf5 Qc7 28.
Bf4 Qd8 29. Be5+ Bxe5 30. Qxe5+ Kg8 31. fxg6 Rh6 32. Rf7 Bxf7 33. gxf7+ Kf8 34.
Rg1 Rxh2+ 35. Kxh2 1-0

[Event "Superettan(Farsta-Limhamn II)"]
[Site "?"]
[Date "2012.12.01"]
[Round "3"]
[White "Astrom, Lars"]
[Black "Wieweg, Johnny"]
[Result "0-1"]
[WhiteElo "2080"]
[BlackElo "2134"]
[PlyCount "102"]

1. e4 e5 2. Nf3 Nc6 3. Bc4 d6 4. O-O g6 5. c3 Bg7 6. Re1 Nf6 7. h3 O-O 8. d3 h6
9. Bb3 d5 10. Nbd2 Re8 11. Bc2 a5 12. a3 Be6 13. b3 Qd7 14. Bb2 Nh5 15. Nf1 d4
16. cxd4 exd4 17. Qd2 Bxh3 18. gxh3 Qxh3 19. N3h2 Re5 20. f3 Rg5+ 21. Kh1 Be5
22. Bd1 Nf4 23. Re2 Nxe2 24. Qxe2 Bf4 25. Bc1 Bxc1 26. Rxc1 Qh4 27. Qd2 Re5 28.
f4 Ree8 29. Bg4 Qe7 30. f5 Kg7 31. Ng3 Ne5 32. Bh3 c5 33. Rf1 Qg5 34. Qxg5 hxg5
35. Rd1 Rh8 36. Kg2 Rh4 37. Nh1 g4 38. Nxg4 Nxg4 39. Bxg4 Rxg4+ 40. Kf3 Rh4 41.
Ng3 Kf6 42. Rc1 b6 43. b4 axb4 44. axb4 Ra3 45. bxc5 Rxd3+ 46. Kf2 Rf4+ 47. Kg2
Rg4 48. cxb6 Rdxg3+ 49. Kf2 Rg2+ 50. Kf3 R4g3+ 51. Kf4 g5# 0-1

[Event "Superettan(Farsta-Limhamn II)"]
[Site "?"]
[Date "2012.12.01"]
[Round "3"]
[White "Hedin, Gunnar"]
[Black "Hansen, Anders"]
[Result "1/2-1/2"]
[WhiteElo "2172"]
[BlackElo "2096"]
[PlyCount "104"]

1. d4 Nf6 2. c4 e6 3. Nc3 Bb4 4. e3 O-O 5. Bd3 d5 6. cxd5 exd5 7. Nge2 Re8 8.
f3 Bd6 9. O-O c5 10. a3 Nc6 11. Bc2 Be6 12. Bd2 Rc8 13. Be1 cxd4 14. exd4 Nd7
15. Qd3 g6 16. g4 Nb6 17. Bf2 a6 18. Kg2 f5 19. h3 f4 20. h4 Nc4 21. Nd1 Rc7
22. Rh1 Rce7 23. Nec3 Bf7 24. h5 Ne3+ 25. Nxe3 fxe3 26. Bh4 Qd7 27. Bxe7 Bxe7
28. Ne2 Bf6 29. b4 Qc7 30. Rad1 Qd6 31. hxg6 hxg6 32. Rh3 Bg7 33. Rdh1 Nd8 34.
Bb3 Ne6 35. Rd1 Nf4+ 36. Nxf4 Qxf4 37. Rg3 Rc8 38. Rh3 Be6 39. Rhh1 Bxg4 40.
Bxd5+ Kf8 41. Qe4 Qxe4 42. Bxe4 Bd7 43. Rd3 Rc2+ 44. Kg3 e2 45. Bxg6 Bb5 46.
Re3 Rd2 47. Re4 Rxd4 48. Rxd4 Bxd4 49. Re1 Bc3 50. Kf2 Bd4+ 51. Kg3 Bc3 52. Kf2
Bd4+ 1/2-1/2

[Event "Superettan(Orebro-Schack 08)"]
[Site "?"]
[Date "2012.12.01"]
[Round "3"]
[White "Laveryd, Peter"]
[Black "Alm, Hakan"]
[Result "1/2-1/2"]
[WhiteElo "2420"]
[BlackElo "2327"]
[PlyCount "68"]

1. e4 Nf6 2. d3 e5 3. Nf3 Nc6 4. g3 d5 5. exd5 Qxd5 6. Bg2 Bc5 7. O-O O-O 8.
Bg5 Bg4 9. Bxf6 gxf6 10. Nc3 Qe6 11. Na4 Be7 12. Qc1 Kh8 13. a3 Rad8 14. Re1
Rg8 15. b4 Qf5 16. Qe3 b6 17. Nb2 a5 18. c3 Qh5 19. d4 axb4 20. axb4 Bf8 21.
Qe4 Ne7 22. dxe5 f5 23. Qb7 Nd5 24. Nd4 Nxc3 25. Qxc7 Rxd4 26. Qxc3 Rd8 27. Nc4
f4 28. Nd6 Be6 29. Ne4 Rc8 30. Qb2 f3 31. Nf6 Qf5 32. Bf1 Rg6 33. Rac1 Ra8 34.
Ra1 Rc8 1/2-1/2

[Event "Superettan(Orebro-Schack 08)"]
[Site "?"]
[Date "2012.12.01"]
[Round "3"]
[White "Gruvaeus, Curt"]
[Black "Ingbrant, Johan"]
[Result "1/2-1/2"]
[WhiteElo "2326"]
[BlackElo "2445"]
[PlyCount "69"]

1. d4 d5 2. Nf3 c6 3. g3 Bg4 4. Bg2 Nd7 5. Nbd2 e6 6. h3 Bh5 7. O-O f5 8. c4
Bd6 9. Rb1 Ngf6 10. b4 b5 11. cxb5 cxb5 12. Nb3 Ne4 13. Qd3 O-O 14. Nc5 Qe7 15.
Bf4 Bxf4 16. gxf4 Bxf3 17. Bxf3 Nd6 18. Kh2 Nc4 19. Rg1 a5 20. Qc3 axb4 21.
Rxb4 Ra3 22. Rb3 Rfa8 23. Nd3 R8a4 24. Rgb1 h6 25. Rxa3 Rxa3 26. Qb4 Qxb4 27.
Rxb4 Nd6 28. Nc5 Nf8 29. Rb2 Kf7 30. e3 g5 31. fxg5 hxg5 32. Be2 Ra5 33. Nb3
Ra3 34. Nc5 Ra5 35. Nb3 1/2-1/2

[Event "Superettan(Orebro-Schack 08)"]
[Site "?"]
[Date "2012.12.01"]
[Round "3"]
[White "Schutz, Ingemar"]
[Black "Drugge, Patrick"]
[Result "1-0"]
[WhiteElo "2234"]
[BlackElo "2249"]
[PlyCount "81"]

1. e4 d6 2. d4 g6 3. f4 Bg7 4. Nc3 a6 5. Nf3 b5 6. a4 b4 7. Nd5 a5 8. Bd3 Bb7
9. O-O Nd7 10. Qe1 Ngf6 11. Nxf6+ Nxf6 12. e5 Nd5 13. f5 Ba6 14. fxg6 hxg6 15.
Ng5 Bxd3 16. Nxf7 Bxf1 17. Nxd8 Rxd8 18. Qxf1 dxe5 19. Bg5 exd4 20. Qa6 Nb6 21.
Qb5+ Rd7 22. Re1 O-O 23. Qd3 Rf5 24. Bxe7 Nxa4 25. Qb3+ Rf7 26. Bxb4 axb4 27.
Qxa4 c5 28. Qc6 d3 29. cxd3 Bxb2 30. Qxg6+ Kf8 31. Qe6 Rxd3 32. Qc8+ Kg7 33.
Qg4+ Kf8 34. h4 b3 35. Qc8+ Kg7 36. h5 Bc3 37. Re8 Rd6 38. Qg4+ Kh6 39. Re6+
Rf6 40. Rxd6 Rxd6 41. Qf4+ 1-0

[Event "Superettan(Orebro-Schack 08)"]
[Site "?"]
[Date "2012.12.01"]
[Round "3"]
[White "Lind, Jan-Olov"]
[Black "Renman, Nils-Gustaf"]
[Result "0-1"]
[WhiteElo "2258"]
[BlackElo "2401"]
[PlyCount "70"]

1. e4 e6 2. Nf3 d5 3. Nc3 Nf6 4. e5 Nfd7 5. d4 c5 6. dxc5 Nc6 7. Bf4 f6 8. exf6
Qxf6 9. Bd6 Nxc5 10. Bxf8 Rxf8 11. Bb5 Bd7 12. O-O O-O-O 13. Qe2 a6 14. Bxc6
Bxc6 15. Ne5 Be8 16. f4 Qe7 17. Rf2 g5 18. b4 Nd7 19. Nc6 bxc6 20. Qxa6+ Kb8
21. Qxc6 Rf7 22. Re1 Nf8 23. Qb6+ Kc8 24. f5 Qc7 25. Qa6+ Kb8 26. fxe6 Rxf2 27.
Kxf2 Rd6 28. Qd3 Nxe6 29. Kg1 Bg6 30. Qg3 Nf4 31. Kh1 Re6 32. Rf1 d4 33. Nb5
Qe5 34. a4 Be4 35. Re1 Bxg2+ 0-1

[Event "Superettan(Orebro-Schack 08)"]
[Site "?"]
[Date "2012.12.01"]
[Round "3"]
[White "Ottenklev, Niclas"]
[Black "Blomstrom, Lars"]
[Result "0-1"]
[WhiteElo "2212"]
[BlackElo "2161"]
[PlyCount "54"]

1. e4 e5 2. Nf3 Nc6 3. c3 Nf6 4. d4 Nxe4 5. d5 Bc5 6. dxc6 Bxf2+ 7. Ke2 Bb6 8.
Qd5 Nf2 9. cxb7 Bxb7 10. Qxb7 Nxh1 11. Bg5 f6 12. Be3 O-O 13. Qd5+ Kh8 14. Nbd2
c6 15. Qd3 d5 16. Bxb6 Qxb6 17. Qe3 Qxb2 18. Rb1 Qxa2 19. Qg1 Rab8 20. Rd1 e4
21. Nd4 Qa3 22. Qe3 c5 23. Nf5 Qa6+ 24. Ke1 Qe6 25. Qf4 g5 26. Qg4 e3 27. Nf3
Nf2 0-1

[Event "Superettan(Orebro-Schack 08)"]
[Site "?"]
[Date "2012.12.01"]
[Round "3"]
[White "Jonsson, Krister"]
[Black "Faldt, Magnus"]
[Result "0-1"]
[WhiteElo "2142"]
[BlackElo "2203"]
[PlyCount "68"]
[SourceDate "2012.12.08"]

1. d4 d5 2. Nf3 Nf6 3. c4 c6 4. Nc3 dxc4 5. a4 Bf5 6. e3 e6 7. Bxc4 Bb4 8. O-O
Nbd7 9. Nh4 Bg4 10. f3 Bh5 11. g4 Bg6 12. Qe2 Qa5 13. Rd1 O-O 14. Bd2 Rfe8 15.
Nxg6 hxg6 16. e4 e5 17. Na2 Bxd2 18. Qxd2 Qxd2 19. Rxd2 exd4 20. Rxd4 Ne5 21.
Be2 Rad8 22. Rad1 Rxd4 23. Rxd4 g5 24. Nc3 Kf8 25. b4 Ke7 26. a5 Nfd7 27. Bd1
Rh8 28. Kg2 Ng6 29. Ne2 Nde5 30. Bc2 Nh4+ 31. Kg3 Nhxf3 32. Rd1 Rxh2 33. Nd4
Nxd4 34. Kxh2 Nxc2 0-1

[Event "Superettan(Orebro-Schack 08)"]
[Site "?"]
[Date "2012.12.01"]
[Round "3"]
[White "Fredriksson, Leif"]
[Black "Gummesson, Anton"]
[Result "1-0"]
[WhiteElo "2146"]
[BlackElo "2025"]
[PlyCount "71"]

1. e4 c5 2. Nf3 Nc6 3. d4 cxd4 4. Nxd4 Nf6 5. Nc3 e5 6. Ndb5 d6 7. Bg5 a6 8.
Na3 b5 9. Bxf6 gxf6 10. Nd5 f5 11. Bd3 Be6 12. c3 Bxd5 13. exd5 Ne7 14. Nc2 Bg7
15. O-O O-O 16. a4 bxa4 17. Rxa4 a5 18. Qh5 e4 19. Bc4 Rb8 20. Ra2 Qc8 21. Qe2
Ng6 22. Ba6 Qd8 23. f4 exf3 24. Rxf3 Qb6+ 25. Kh1 Rfe8 26. Qf1 Qb3 27. Qb1 Nh4
28. Rf1 Qxd5 29. Rg1 Bxc3 30. Ra4 Rxb2 31. Qc1 Ng6 32. Ne3 Qb3 33. Nxf5 Re1 34.
Rxe1 Bxe1 35. Qc8+ Nf8 36. Rg4+ 1-0

[Event "Superettan(Orebro-Schack 08)"]
[Site "?"]
[Date "2012.12.01"]
[Round "3"]
[White "Larsson, Patrik"]
[Black "Larsson, Roger"]
[Result "1/2-1/2"]
[WhiteElo "1979"]
[BlackElo "1971"]
[PlyCount "82"]

1. d4 d5 2. c4 e6 3. Nf3 Nf6 4. g3 c6 5. Bg2 Ne4 6. O-O f5 7. b3 Be7 8. Ba3 Nd7
9. Bxe7 Qxe7 10. Qc2 O-O 11. Nbd2 Nxd2 12. Qxd2 a5 13. a3 dxc4 14. bxc4 e5 15.
d5 e4 16. Nd4 cxd5 17. cxd5 Nb6 18. Qa2 Qe5 19. Ne6 Re8 20. Rab1 Bxe6 21. dxe6
Qxe6 22. Qb2 Nc4 23. Qxb7 Nxa3 24. Rb6 Qf7 25. Qxf7+ Kxf7 26. f3 e3 27. f4 Rab8
28. Rxb8 Rxb8 29. Bd5+ Ke7 30. Kg2 Rb1 31. Rxb1 Nxb1 32. Kf3 Nd2+ 33. Kxe3 Nf1+
34. Kd4 Nxh2 35. e4 Nf1 36. e5 Nxg3 37. Bg8 a4 38. Bxh7 a3 39. Kc3 Ne2+ 40. Kb3
Nxf4 41. Bxf5 Ne2 1/2-1/2

[Event "Superettan(Majorna-Kamraterna)"]
[Site "?"]
[Date "2012.12.01"]
[Round "3"]
[White "Andreasson, Ingvar"]
[Black "Enstrom, Henrik"]
[Result "1-0"]
[WhiteElo "2402"]
[BlackElo "2229"]
[PlyCount "61"]
[SourceDate "2012.12.16"]

1. e4 d6 2. d4 Nf6 3. Nc3 g6 4. Nf3 Bg7 5. h3 c6 6. a4 O-O 7. a5 Qc7 8. Be3 e5
9. dxe5 dxe5 10. Bc4 Qe7 11. O-O Be6 12. Bxe6 Qxe6 13. Bc5 Re8 14. Qe2 Na6 15.
Ng5 Qc8 16. Bd6 h6 17. Nf3 Qe6 18. Rfd1 Rad8 19. Ba3 Nh5 20. Qe3 f5 21. Qxa7
Qf7 22. Qb6 Ra8 23. Bd6 Nf4 24. Qb3 Re6 25. Rd2 g5 26. Rad1 g4 27. hxg4 fxg4
28. Nh4 Bf8 29. Nf5 Nc5 30. Qc4 Rxa5 31. Bxf8 1-0

[Event "Superettan(Majorna-Kamraterna)"]
[Site "?"]
[Date "2012.12.01"]
[Round "3"]
[White "Kall, Anders"]
[Black "Aberg, Anton"]
[Result "0-1"]
[WhiteElo "2169"]
[BlackElo "2411"]
[PlyCount "72"]

1. e4 e6 2. d4 d5 3. Nc3 Bb4 4. e5 Qd7 5. Qg4 f5 6. Qg3 b6 7. Nh3 Ba6 8. Bxa6
Nxa6 9. Bd2 c5 10. O-O-O cxd4 11. Nb5 Bc5 12. Qd3 O-O-O 13. Nd6+ Bxd6 14. Qxa6+
Kb8 15. exd6 e5 16. Rhe1 Re8 17. Qa3 f4 18. Re2 Nf6 19. f3 Qc6 20. Kb1 h6 21.
Rde1 Rc8 22. Qb3 Nd7 23. Bb4 a5 24. Ba3 b5 25. Nf2 g5 26. Rc1 Ka7 27. c3 b4 28.
Nd3 bxa3 29. Nxe5 Nxe5 30. Rxe5 axb2 31. Rce1 dxc3 32. Re7+ Ka8 33. Qc2 Rhd8
34. Rc7 Rxc7 35. dxc7 Qxc7 36. Re6 Qc4 0-1

[Event "Superettan(Majorna-Kamraterna)"]
[Site "?"]
[Date "2012.12.01"]
[Round "3"]
[White "Svensson, Bengt"]
[Black "Strom, Leif"]
[Result "1-0"]
[WhiteElo "2459"]
[BlackElo "2166"]
[PlyCount "51"]

1. e4 c5 2. Nf3 e6 3. d4 cxd4 4. Nxd4 a6 5. Bd3 Bc5 6. Nb3 Be7 7. Qg4 Nf6 8.
Qxg7 Rg8 9. Qh6 Rxg2 10. e5 Qb6 11. Rf1 Ng4 12. Qh3 Rg1 13. Be3 Rxf1+ 14. Kxf1
Nxe3+ 15. fxe3 Qc7 16. N1d2 Qxe5 17. Nc4 Qf6+ 18. Ke2 Nc6 19. Qxh7 b5 20. Rf1
bxc4 21. Qg8+ Bf8 22. Rxf6 cxd3+ 23. cxd3 Nd8 24. Rh6 e5 25. Rh8 Ne6 26. Nc5
1-0

[Event "Superettan(Majorna-Kamraterna)"]
[Site "?"]
[Date "2012.12.01"]
[Round "3"]
[White "Panas, Itai"]
[Black "Svenn, Gosta"]
[Result "1/2-1/2"]
[WhiteElo "2125"]
[BlackElo "2340"]
[PlyCount "140"]

1. c4 Nf6 2. g3 g6 3. Bg2 Bg7 4. Nf3 O-O 5. Nc3 d6 6. d4 Nbd7 7. O-O e5 8. dxe5
dxe5 9. Nd2 Qe7 10. b3 Rd8 11. Qc2 c6 12. a4 Nf8 13. Ba3 Qc7 14. Rfd1 Bf5 15.
Nde4 Ne6 16. e3 Ng5 17. Nxf6+ Bxf6 18. Ne4 Be7 19. Bxe7 Qxe7 20. h4 Nxe4 21.
Bxe4 Bg4 22. f3 Be6 23. Rxd8+ Rxd8 24. Rd1 Rxd1+ 25. Qxd1 f5 26. Bc2 Kf7 27.
Qe1 Qc5 28. Qf2 Ke7 29. Kg2 b5 30. axb5 cxb5 31. cxb5 Qxb5 32. e4 a5 33. exf5
gxf5 34. Qa7+ Kd6 35. Qe3 h5 36. Qd2+ Kc7 37. Bd3 Qc5 38. Qh6 Qd6 39. Qc1+ Kb7
40. Qc2 Qd7 41. Bc4 Qc6 42. Qb2 Bxc4 43. bxc4+ Ka6 44. Qxe5 a4 45. c5 Kb5 46.
Qxf5 Qxc5 47. Qb1+ Ka5 48. Qe1+ Ka6 49. Qe2+ Ka7 50. g4 hxg4 51. fxg4 a3 52.
Qa2 Qc3 53. Qf7+ Kb6 54. Qf2+ Kb5 55. g5 Qc6+ 56. Kg3 Qd6+ 57. Kg4 Qe6+ 58. Kh5
a2 59. Qb2+ Kc6 60. g6 Kd7 61. Qd4+ Ke7 62. Kh6 Qc6 63. Qg7+ Ke8 64. Qa1 Qa4
65. Qh8+ Ke7 66. Qe5+ Kd7 67. Qg7+ Kc8 68. Qc3+ Kb7 69. Qg7+ Kc8 70. Qc3+ Kb7
1/2-1/2

[Event "Superettan(Majorna-Kamraterna)"]
[Site "?"]
[Date "2012.12.01"]
[Round "3"]
[White "Mohammadi, Amir"]
[Black "Fors, Klas"]
[Result "1-0"]
[WhiteElo "2300"]
[BlackElo "2121"]
[PlyCount "55"]

1. e4 c5 2. Nc3 Nc6 3. g3 g6 4. Bg2 Bg7 5. d3 e6 6. Be3 Nd4 7. Qd2 Ne7 8. Nd1
d6 9. c3 Ndc6 10. Bh6 Bxh6 11. Qxh6 Ng8 12. Qd2 Bd7 13. Ne3 Qc7 14. Ne2 Nf6 15.
O-O O-O 16. f4 Ne8 17. f5 Qd8 18. Rf2 Qg5 19. Raf1 exf5 20. exf5 Bxf5 21. Rxf5
gxf5 22. Rxf5 Qh6 23. Nf4 Ne5 24. Rh5 Qg7 25. Nf5 Qf6 26. Nd5 Qe6 27. Qg5+ Ng6
28. Qh6 1-0

[Event "Superettan(Majorna-Kamraterna)"]
[Site "?"]
[Date "2012.12.01"]
[Round "3"]
[White "Bengtsson, Tage"]
[Black "Haggstrom, Olle"]
[Result "0-1"]
[WhiteElo "2104"]
[BlackElo "2213"]
[PlyCount "68"]

1. d4 Nf6 2. c4 e6 3. e3 d5 4. Nf3 c5 5. Nc3 Nc6 6. a3 a6 7. dxc5 Bxc5 8. b4
Ba7 9. Bb2 O-O 10. Bd3 dxc4 11. Bxc4 Qe7 12. O-O b5 13. Bd3 Bb7 14. Rc1 Rac8
15. Qe2 e5 16. Ng5 h6 17. Nge4 Nd7 18. Rfd1 Bb8 19. Ng3 Nb6 20. Nf5 Qf6 21. Be4
Kh8 22. Qf3 g6 23. Nxh6 Qxf3 24. Bxf3 Kh7 25. Ng4 f5 26. Nd5 Nc4 27. Ndf6+ Kg7
28. Rd7+ Rf7 29. Rxc4 bxc4 30. Rxf7+ Kxf7 31. Bd5+ Ke7 32. Ng8+ Kf8 33. N4f6
Rd8 34. e4 Na7 0-1

[Event "Superettan(Majorna-Kamraterna)"]
[Site "?"]
[Date "2012.12.01"]
[Round "3"]
[White "Andersson, Johan"]
[Black "Ruonala, Robert"]
[Result "1-0"]
[WhiteElo "2171"]
[BlackElo "2052"]
[PlyCount "63"]

1. e4 c5 2. Nf3 d6 3. Bb5+ Bd7 4. Bxd7+ Qxd7 5. O-O Nc6 6. Qe2 Nf6 7. Rd1 g6 8.
c3 Bg7 9. d4 cxd4 10. cxd4 d5 11. e5 Ne4 12. Ne1 f6 13. f3 Ng5 14. Bxg5 fxg5
15. Qe3 O-O 16. Qxg5 e6 17. Nc3 Ne7 18. g4 h5 19. h3 Kh7 20. Qe3 Qd8 21. Kg2
Bh6 22. Qd3 Ng8 23. Qe2 Bf4 24. Nd3 Nh6 25. Nxf4 Rxf4 26. Qd2 Qg5 27. Ne2 Raf8
28. Nxf4 hxg4 29. Nxe6 gxh3+ 30. Kh1 Qh4 31. Nxf8+ Kg8 32. Nxg6 1-0

[Event "Superettan(Majorna-Kamraterna)"]
[Site "?"]
[Date "2012.12.01"]
[Round "3"]
[White "Linden, Leif"]
[Black "Martensson, Ulf"]
[Result "1/2-1/2"]
[WhiteElo "2036"]
[BlackElo "2137"]
[PlyCount "43"]

1. d4 Nf6 2. c4 e6 3. Nf3 d5 4. Nc3 Be7 5. e3 O-O 6. Bd3 dxc4 7. Bxc4 c5 8. O-O
Nc6 9. a3 a6 10. dxc5 Qxd1 11. Rxd1 Bxc5 12. b4 Ba7 13. Bb2 b5 14. Bd3 Bb7 15.
Ne4 Nxe4 16. Bxe4 Rfd8 17. Nd4 Bxd4 18. Bxd4 Na5 19. Bxb7 Nxb7 20. Bb6 Rd6 21.
Rxd6 Nxd6 22. a4 1/2-1/2

[Event "Superettan(Solna-Upsala)"]
[Site "?"]
[Date "2012.12.01"]
[Round "3"]
[White "Andersson, Fredrik"]
[Black "Jonsson, Mikael"]
[Result "1-0"]
[WhiteElo "2363"]
[BlackElo "2367"]
[PlyCount "74"]
[SourceDate "2012.12.17"]

1. d4 d5 2. c4 c6 3. Nf3 Nf6 4. e3 e6 5. b3 Nbd7 6. Bb2 Bd6 7. Bd3 O-O 8. O-O
Qe7 9. Ne5 Rd8 10. Nd2 Nf8 11. f4 Bd7 12. c5 Bc7 13. b4 Be8 14. a4 a6 15. Qe2
N6d7 16. b5 axb5 17. axb5 Nxe5 18. fxe5 b6 19. Ba3 cxb5 20. Bxb5 Rdb8 21. Bd3
Nd7 22. c6 Rxa3 23. cxd7 Bxd7 24. Rxa3 Qxa3 25. Bxh7+ Kf8 26. Bg6 Be8 27. Bxf7
Ke7 28. Qf3 Qd3 29. Bxe8 Rxe8 30. Qf7+ Kd8 31. Qf2 Qb5 32. Rc1 Qd7 33. e4 Kc8
34. exd5 Qxd5 35. Nf3 Rd8 36. Qe2 Rd7 37. Qa6+ Kd8 1-0

[Event "Superettan(Solna-Upsala)"]
[Site "?"]
[Date "2012.12.01"]
[Round "3"]
[White "Karlsson, Tomas"]
[Black "Johansson, Jan"]
[Result "1-0"]
[WhiteElo "2284"]
[BlackElo "2445"]
[PlyCount "81"]

1. e4 e5 2. Nf3 d6 3. d4 exd4 4. Nxd4 Nf6 5. Nc3 Be7 6. Be2 O-O 7. O-O c5 8.
Nf3 Nc6 9. Bf4 Be6 10. h3 a6 11. a4 d5 12. exd5 Nxd5 13. Nxd5 Bxd5 14. Ne5 Nd4
15. Bc4 Bxc4 16. Nxc4 b5 17. Ne3 Qe8 18. c3 Ne6 19. Be5 Rd8 20. Qg4 g6 21. Nf5
h5 22. Qg3 Kh7 23. Nxe7 Qxe7 24. axb5 axb5 25. Rfd1 Rfe8 26. Rxd8 Rxd8 27. Qf3
Re8 28. Bf6 Qc7 29. Rd1 Qf4 30. Qc6 Rg8 31. Be7 g5 32. Qxb5 g4 33. Qd3+ Rg6 34.
g3 Qc7 35. Bd6 Qb7 36. h4 Qxb2 37. Be5 Qb3 38. Rb1 Qa2 39. Rb7 Ng7 40. c4 Kg8
41. Qd8+ 1-0

[Event "Superettan(Solna-Upsala)"]
[Site "?"]
[Date "2012.12.01"]
[Round "3"]
[White "Glimbrant, Torbjorn"]
[Black "Bergstrom, Christer"]
[Result "1/2-1/2"]
[WhiteElo "2340"]
[BlackElo "2366"]
[PlyCount "43"]

1. d4 Nf6 2. c4 e6 3. Nf3 b6 4. g3 Bb7 5. Bg2 Be7 6. O-O O-O 7. Nc3 Ne4 8. Qc2
Nxc3 9. Qxc3 f5 10. b3 Bf6 11. Bb2 Nc6 12. Rad1 Ne7 13. Ne1 Bxg2 14. Nxg2 Qe8
15. Qc2 g5 16. e4 fxe4 17. Qxe4 Qg6 18. Rfe1 Qxe4 19. Rxe4 a5 20. a4 Rf7 21.
Re2 Nf5 22. Ne3 1/2-1/2

[Event "Superettan(Solna-Upsala)"]
[Site "?"]
[Date "2012.12.01"]
[Round "3"]
[White "Lundvik, Jonas"]
[Black "Burwick, Malte"]
[Result "0-1"]
[WhiteElo "2272"]
[BlackElo "2286"]
[PlyCount "154"]

1. g3 g6 2. Bg2 Bg7 3. c4 Nf6 4. Nc3 O-O 5. b3 e5 6. e3 Re8 7. Nge2 c6 8. e4
Na6 9. O-O Nc7 10. d4 d6 11. h3 Ne6 12. d5 Nd4 13. dxc6 bxc6 14. Be3 c5 15. Kh2
Bd7 16. Rb1 Qa5 17. Qd2 Rab8 18. Nxd4 exd4 19. Nd5 Qa3 20. Bg5 Nxd5 21. cxd5
Rb6 22. Rfe1 f6 23. Bh6 Bxh6 24. Qxh6 Qxa2 25. Qf4 Rf8 26. h4 Qa6 27. Ra1 Qb7
28. Ra3 Kg7 29. Rea1 Ra8 30. g4 h6 31. g5 hxg5 32. hxg5 fxg5 33. Qxg5 Bb5 34.
e5 dxe5 35. Qxe5+ Rf6 36. d6 Rh8+ 37. Kg1 Qf7 38. Rxa7 Bd7 39. Bd5 Rh5 40. Qxh5
gxh5 41. Bxf7 Rxf7 42. Rc7 Kf6 43. Rxc5 h4 44. Rd1 Rg7+ 45. Kh1 Rg4 46. f3 Rf4
47. Kg2 Ke6 48. Rc4 Kd5 49. Rb4 Kc5 50. Rb8 Kxd6 51. Ra1 Bc6 52. Rf1 Kc7 53.
Rh8 d3 54. Rh6 Bd5 55. b4 Rxf3 56. Rxf3 d2 57. Rxh4 d1=Q 58. Rhf4 Qe2+ 59. Kg3
Bxf3 60. Rxf3 Qe1+ 61. Rf2 Qxb4 62. Re2 Kd6 63. Kf3 Kd5 64. Re3 Qc4 65. Re1
Qd3+ 66. Kf2 Kd4 67. Re2 Qd1 68. Re1 Qd2+ 69. Re2 Qg5 70. Kf3 Kd3 71. Re1 Qf5+
72. Kg3 Kd2 73. Rh1 Ke2 74. Rh2+ Ke3 75. Rh4 Qf3+ 76. Kh2 Kf2 77. Rh8 Qg2# 0-1

[Event "Superettan(Solna-Upsala)"]
[Site "?"]
[Date "2012.12.01"]
[Round "3"]
[White "Johansson, Thomas"]
[Black "Lindborg, Petter"]
[Result "1/2-1/2"]
[WhiteElo "2240"]
[BlackElo "2254"]
[PlyCount "40"]

1. d4 e6 2. c4 f5 3. g3 Nf6 4. Bg2 Be7 5. Nf3 O-O 6. O-O d6 7. Nc3 Ne4 8. Qc2
Nxc3 9. Qxc3 a5 10. Be3 Bf6 11. Rad1 Qe8 12. Bg5 Nd7 13. Bxf6 Nxf6 14. c5 Ne4
15. Qc2 Bd7 16. Nd2 Nxd2 17. Rxd2 d5 18. f4 Qe7 19. Qc3 Kh8 20. Qe3 Qf6 1/2-1/2

[Event "Superettan(Solna-Upsala)"]
[Site "?"]
[Date "2012.12.01"]
[Round "3"]
[White "Landgren, Andreas"]
[Black "Lindberg, Henrik"]
[Result "0-1"]
[WhiteElo "2266"]
[BlackElo "2268"]
[PlyCount "132"]

1. d4 d5 2. c4 e6 3. Nc3 c5 4. cxd5 exd5 5. Nf3 Nc6 6. g3 Nf6 7. Bg2 Be7 8. O-O
O-O 9. Bg5 c4 10. Ne5 Be6 11. Re1 Rc8 12. Nxc6 bxc6 13. Qc2 h6 14. Bf4 Qa5 15.
Rad1 Rfd8 16. h3 Rd7 17. Kh2 Rb7 18. Bd2 Qd8 19. Bc1 Qd7 20. Qa4 Rcb8 21. a3
Rb3 22. e4 dxe4 23. Nxe4 Nxe4 24. Bxe4 R8b5 25. Bg2 Bd6 26. h4 Bd5 27. Bxd5
cxd5 28. Re3 Qf5 29. Rf1 Qg4 30. Rfe1 Qxh4+ 31. Kg2 Qxd4 32. Qa6 Qf6 33. Qxa7
Bc5 34. Qa8+ Kh7 35. Qxd5 Bxe3 36. Qe4+ Qf5 37. Rxe3 Rxe3 38. Qxe3 Qd5+ 39. Kh2
Qh5+ 40. Kg2 Qd5+ 41. Qf3 Kg6 42. Qxd5 Rxd5 43. Kf3 Kf5 44. Ke3 Rd3+ 45. Ke2 g5
46. Bd2 h5 47. Bc3 h4 48. gxh4 gxh4 49. Kf1 Kg4 50. Kg2 h3+ 51. Kh2 f5 52. a4
Kf3 53. a5 Rd6 54. Bb4 Rc6 55. Bf8 f4 56. Bg7 Rc5 57. Bc3 Rd5 58. a6 Kxf2 59.
a7 Rd8 60. Kxh3 Ke2 61. Bd4 f3 62. Kg3 f2 63. Bxf2 Rg8+ 64. Kf4 Kxf2 65. Ke4
Rd8 66. Ke5 Ke3 0-1

[Event "Superettan(Solna-Upsala)"]
[Site "?"]
[Date "2012.12.01"]
[Round "3"]
[White "Marttala, Thomas"]
[Black "Johansson, Gunnar"]
[Result "1/2-1/2"]
[WhiteElo "2235"]
[BlackElo "2238"]
[PlyCount "75"]

1. e4 c5 2. Nc3 Nc6 3. f4 e6 4. Nf3 Nge7 5. g3 d5 6. d3 dxe4 7. Nxe4 Nf5 8. Bg2
Be7 9. O-O Qc7 10. c3 b6 11. Qa4 Bb7 12. Ne5 Rc8 13. Bd2 O-O 14. Rae1 Rfd8 15.
Nf2 h5 16. Nxc6 Bxc6 17. Bxc6 Qxc6 18. Qxc6 Rxc6 19. Bc1 Bf6 20. Kg2 g6 21. Re4
Bg7 22. Rfe1 Rcd6 23. h3 R6d7 24. g4 hxg4 25. hxg4 Ne7 26. Kf3 b5 27. a4 a6 28.
axb5 axb5 29. Be3 Rc8 30. Ra1 Nd5 31. Ra5 Rb7 32. Bd2 b4 33. Rc4 bxc3 34. bxc3
Rb2 35. Be1 Rb1 36. Bd2 Rb2 37. Be1 Rb1 38. Bd2 1/2-1/2